Misapplications of rules for the exchange rate differences by Slovak IFRS adopters

Nesprávne uplatňovanie pravidiel IAS 21 slovenskými prijímateľmi IFRS. Analýzou vzorky auditovaných poznámok k individuálnej účtovnej závierke za rok 2014 sa zistili nielen prekvapujúce rozdiely pri uplatňovaní týchto požiadaviek vo vzorke tých, ktorí ich prijali, ale aj významné nedostatky v uplatň...

Full description

Saved in:
Bibliographic Details
Main Author: Tumpach, Miloš, 1970-
Format: Book Chapter
Language:English
Subjects:
Tags: Add Tag
No Tags, Be the first to tag this record!

MARC

LEADER 00000nla a2200000 4500
001 0227853
005 20240502083614.2
041 0 |a eng 
044 |a CZ 
245 1 0 |a Misapplications of rules for the exchange rate differences by Slovak IFRS adopters  |c Miloš Tumpach 
520 |a Nesprávne uplatňovanie pravidiel IAS 21 slovenskými prijímateľmi IFRS. Analýzou vzorky auditovaných poznámok k individuálnej účtovnej závierke za rok 2014 sa zistili nielen prekvapujúce rozdiely pri uplatňovaní týchto požiadaviek vo vzorke tých, ktorí ich prijali, ale aj významné nedostatky v uplatňovaní IAS 21. 
610 2 0 |a účtovníctvo podvojné 
610 2 0 |a metódy účtovné 
610 2 0 |a prípady účtovné 
610 2 0 |a rozdiely kurzové 
610 2 0 |a štandardy účtovné medzinárodné 
100 1 |a Tumpach, Miloš, 1970-